000 00605nam a2200241 4500
001 28081
005 20220405165252.0
010 _a9722621815
021 _aPT
_b214765/04
090 _a28081
100 _a20070627d2004 c y0pory5001 ba
106 _ar
105 _aa z 001gy
102 _aPT
_bPorto
101 0 _apor
_cpor
930 _lBE/CRE
675 _a087.5
_vBN
_zpor
702 1 _aAlves
_bJoana
_4440
700 1 _aSoares
_bLuisa Ducla
200 1 _aAbecedário maluco
_fLuisa Ducla Soares
_gil. Joana Alves
215 _a18 p.
_d22 cm
210 _aPorto
_cLivraria Civilização
_d2004
990 _cLIVROS